| 000 -LEADER |
| fixed length control field |
00566nam a22001691 4500 |
| 040 ## - CATALOGING SOURCE |
| Transcribing agency |
ICU |
| 082 00 - DEWEY DECIMAL CLASSIFICATION NUMBER |
| Classification number |
519 AME 1968 A063 Or. |
| 100 1# - MAIN ENTRY--AUTHOR NAME |
| Personal name |
Linnik, I︠U︡. V. |
| 245 10 - TITLE STATEMENT |
| Title |
Statistical problems with nuisance parameters, |
| 260 ## - PUBLICATION, DISTRIBUTION, ETC. (IMPRINT) |
| Place of publication |
Providence, |
| Name of publisher |
American Mathematical Society, |
| Year of publication |
1968. |
| 300 ## - PHYSICAL DESCRIPTION |
| Number of Pages |
ix, 258 p. |
| Dimensions |
24 cm. |
| 490 1# - SERIES STATEMENT |
| Series statement |
Translations of mathematical monographs, |
| 500 ## - GENERAL NOTE |
| General note |
Translation of [Statisticheskie zadachi s meshai︠u︡shchimi parametrami] |
| 650 #0 - SUBJECT ADDED ENTRY--TOPICAL TERM |
| Topical Term |
Statistical hypothesis testing. |
| 650 #0 - SUBJECT ADDED ENTRY--TOPICAL TERM |
| Topical Term |
Estimation theory. |
| 942 ## - ADDED ENTRY ELEMENTS (KOHA) |
| Koha item type |
សៀវភៅភាសាអង់គ្លេស |
| 952 ## - LOCATION AND ITEM INFORMATION (KOHA) |
| Withdrawn status [LOCAL, KOHA] |
0 |